| 000 | 00454nam a22001817a 4500 | ||
|---|---|---|---|
| 003 | MPLRDC | ||
| 005 | 20220104185514.0 | ||
| 008 | 210129b ||||| |||| 00| 0 eng d | ||
| 082 | _a857.6 SWZ-15 | ||
| 100 | _a苏伟贞 | ||
| 245 |
_a人间有梦 _c |
||
| 250 | _a三版 | ||
| 260 |
_a台湾 _b现代关系出版社 _c1985 |
||
| 300 | _b平 | ||
| 490 | _a妇女杂志丛书. 15 | ||
| 650 | _a中国文学--短篇小说 | ||
| 942 |
_cBK _o857.6 SWZ-15 |
||
| 999 |
_c63364 _d63354 |
||